=LDR 00000nam 2200000 4500 =001 INLIS000000000015171 =005 20200615083650 =035 ##$$a 0010-061300000015171 =008 200615################g##########0#ind## =041 ##$$a Ind =082 ##$$a 2x4 =090 ##$$a 2x4.01, Ram a =100 ##$$a Ramulto, Mohd, Idris =245 1#$$a Asas-asas Hukum Islam : $b Sejarah timbul dan berkembangnya kedudukan hukum Islam dalam sistem hukum di indonesia /$c Moch Idris Romulyo SH. MH =260 ##$$a Jakarta :$b Sinar Grafika,$c 1995 =300 ##$$a xii, 205 hlm. ; $c 20 x 14 cm. =650 #4$$a Hukum Islam =850 ##$$a NBPNMAT =084 ##$$a 2x4 RAM a =250 ##$$a cet. 1 =990 ##$$a 102.363/Pro-96 =990 ##$$a 10401845 =990 ##$$a 10401846 =990 ##$$a 00038761 =990 ##$$a 00038762 =990 ##$$a 00054479 =990 ##$$a 20405550 =990 ##$$a 20700157 =990 ##$$a 00091530 =990 ##$$a 20405551 =990 ##$$a 1199700580 =990 ##$$a 1199500278 =990 ##$$a 20405550 =990 ##$$a 102.363/Pro-96 =990 ##$$a 10401845 =990 ##$$a 10401846 =990 ##$$a 00038761 =990 ##$$a 00038762 =990 ##$$a 00054479 =990 ##$$a 20700157 =990 ##$$a 00091530 =990 ##$$a 20405551 =990 ##$$a 1199700580 =990 ##$$a 1199500278 =990 ##$$a 20405550 =990 ##$$a 102.363/Pro-96 =990 ##$$a 10401845 =990 ##$$a 10401846 =990 ##$$a 00038761 =990 ##$$a 00038762 =990 ##$$a 00054479 =990 ##$$a 20700157 =990 ##$$a 00091530 =990 ##$$a 20405551 =990 ##$$a 1199700580 =990 ##$$a 1199500278 =990 ##$$a 20405550 =990 ##$$a 102.363/Pro-96 =990 ##$$a 10401845 =990 ##$$a 10401846 =990 ##$$a 00038761 =990 ##$$a 00038762 =990 ##$$a 00054479 =990 ##$$a 20700157 =990 ##$$a 00091530 =990 ##$$a 20405551 =990 ##$$a 1199700580 =990 ##$$a 1199500278 =990 ##$$a 20405551 =990 ##$$a 102.363/Pro-96 =990 ##$$a 10401845 =990 ##$$a 10401846 =990 ##$$a 00038761 =990 ##$$a 00038762 =990 ##$$a 00054479 =990 ##$$a 20405550 =990 ##$$a 20700157 =990 ##$$a 1199700580 =990 ##$$a 1199500278